000
00186nam a2200085 4500
001
1300996
005
20260423125232.0
245
_a
MEVLANAYLA BİR GÜN
_c
MUSTAFA ORAKÇI
260
_b
TİMAŞ
999
_c
1300996
_d
1300996